| 000 | 01452nam a2200277 a 4500 | ||
|---|---|---|---|
| 003 | DO-SdBNP | ||
| 005 | 20220309121428.0 | ||
| 007 | ta | ||
| 008 | 220127b2019 dr ac||| |||| 00| 0 spa d | ||
| 020 | _a9789945169768 | ||
| 040 |
_aDO-SdBNP _bspa _cBNPHU |
||
| 082 | 4 |
_a920.71 _bR771a, 2019 _222 |
|
| 245 | 1 | 3 |
_a¡La aventura de vivir! / _cEliseo Rondón Sánchez ; prólogo José A. Martínez Muñiz. |
| 250 | _a2da. | ||
| 260 |
_aSanto Domingo : _bBúho, _c2019. |
||
| 300 |
_a385 p. : _bil., retrs. ; _c23 cm. |
||
| 500 | _aIncluye datos biográficos del autor en las solapas | ||
| 505 | 0 | _aDedicatoria -- Agradecimiento – Prólogo a la primera edición -- A manera de prólogo – Hato Mayor del Rey, 1935 -- Hospital Marión -- San Isidro -- 14 de junio de 1959 – Magnicidio -- Bosch de cerca -- Guerra de abril 1965 -- El Matum, 17 de diciembre 1965 – Reflexión final – Dess -- Margarita Latinoamericana – La devuelta de Flor – Pedrito y Rusia un cuento de la vida real – Los vuelos de Mamí – Sonia, corazón bravío y los pobres – Ulises Heureauxau: General y Presidente de la República. | |
| 590 | _aInventariado, 2022 /LP | ||
| 600 | 1 | 0 |
_aRondón Sánchez, Eliseo _910959 |
| 650 | 1 | 4 |
_aAutobiografía _9323 |
| 651 | 1 | 4 |
_aRepública Dominicana _xHistoria _zSiglo XX _910960 |
| 700 | 1 |
_aMartínez Muñiz, José A., _epról. _910961 |
|
| 910 | _aLopérez./Validado. Control de calidad MFF | ||
| 942 |
_2ddc _cLBS1 |
||
| 999 |
_c51245 _d51245 |
||